LEADER 01555nam a2200289 i 4500 001 000000166736 003 CaOOAMICUS 005 20231018123527.0 008 071128s2007 it u000 u ita u 013 $a144105 020 $a978-88-88758-37-4 040 $aSeMil$bita 100 1 $aDargenio, Antonella.$0(OLS)http://semarc/name/62768 245 10$aChiesa e società nelle lettere pastorali degli arcivescovi di Trani, Barletta, Bisceglie e Nazareth nella prima metà del 20 secolo /$cAntonella Dargenio. 260 $aBari :$bEcumenica Editrice,$c2007. 300 $a431 p. ;$c24 cm. 490 0 $aStudi e ricerche / Istituto superiore di scienze religiose, Bari "Odegitria" ;$v1 650 4$aChiesa e società - Sec. 20.$0(OLS)http://semarc/subject/96 650 4$aTrani-Barletta-Bisceglie (Arcidiocesi) - Storia - Episcopato - Sec. 20.$0(OLS)http://semarc/subject/31760 830 0$aStudi e ricerche / Istituto superiore di scienze religiose, Bari "Odegitria" ;$v1.$0(OLS)http://semarc/title/421099 850 $aSeMil 852 $aSeMil$W1$xVenegono$y1$m3C IV 10$j117896$B117896$CSeMilBibl$Z2$F130749 $81 961 $aOmaggio per recensione: Scuola Cattolica 996 $6020$a978-88-88758-37-4$9(OLS)http://semarc/number/153281 996 $6245$aChiesa e società nelle lettere pastorali degli arcivescovi di Trani, Barletta, Bisceglie e Nazareth nella prima metà del 20 secolo$9(OLS)http://semarc/title/238333 996 $6260$aBari :$bEcumenica Editrice$9(OLS)http://semarc/publisher/32358 LEADER 00683naa a2200157 i 4500 001 000000295315 003 CaOOAMICUS 005 20180831172523.0 008 180831n xx u000 u und u 013 $a2611 040 $aSeMil$bita 100 1 $aRumi, Giorgio ,$d<1938-2006>.$0(OLS)http://semarc/name/10288 245 10$aG.B. Montini arcivescovo di Milano :$bavvertenze metodologiche e linee di ricerca. 600 04$aPaolo VI .$0(OLS)http://semarc/subject/713 773 0 $tGB. Montini arcivescovo.$dMilano : NED, copyr. 1983.$z8870230732$w()45586 996 $6245$aG.B. Montini arcivescovo di Milano :$bavvertenze metodologiche e linee di ricerca$9(OLS)http://semarc/title/371375